Casarett & Doull's Essentials of Toxicology (Record no. 927)
[ view plain ]
| 000 -LEADER | |
|---|---|
| fixed length control field | 02121cam a22003614a 4500 |
| 001 - CONTROL NUMBER | |
| control field | 15994615 |
| 003 - CONTROL NUMBER IDENTIFIER | |
| control field | OSt |
| 005 - DATE AND TIME OF LATEST TRANSACTION | |
| control field | 20161011190328.0 |
| 008 - FIXED-LENGTH DATA ELEMENTS--GENERAL INFORMATION | |
| fixed length control field | 091120s2010 nyua b 001 0 eng |
| 010 ## - LIBRARY OF CONGRESS CONTROL NUMBER | |
| LC control number | 2009047866 |
| 015 ## - NATIONAL BIBLIOGRAPHY NUMBER | |
| National bibliography number | GBB066154 |
| Source | bnb |
| 016 7# - NATIONAL BIBLIOGRAPHIC AGENCY CONTROL NUMBER | |
| Record control number | 101519832 |
| Source | DNLM |
| 016 7# - NATIONAL BIBLIOGRAPHIC AGENCY CONTROL NUMBER | |
| Record control number | 015563375 |
| Source | Uk |
| 020 ## - INTERNATIONAL STANDARD BOOK NUMBER | |
| International Standard Book Number | 9780071622400 |
| 020 ## - INTERNATIONAL STANDARD BOOK NUMBER | |
| International Standard Book Number | 0071622403 |
| 035 ## - SYSTEM CONTROL NUMBER | |
| System control number | (OCoLC)ocn466354546 |
| 040 ## - CATALOGING SOURCE | |
| Original cataloging agency | DNLM/DLC |
| Transcribing agency | DLC |
| Modifying agency | BTCTA |
| -- | NLM |
| -- | YDXCP |
| -- | UKM |
| -- | C#P |
| -- | DLC |
| 042 ## - AUTHENTICATION CODE | |
| Authentication code | pcc |
| 050 00 - LIBRARY OF CONGRESS CALL NUMBER | |
| Classification number | RA1211 |
| Item number | .C298 2010 |
| 060 10 - NATIONAL LIBRARY OF MEDICINE CALL NUMBER | |
| Classification number | QV 600 |
| Item number | C3349 2010 |
| 082 00 - DEWEY DECIMAL CLASSIFICATION NUMBER | |
| Classification number | QV 600 C334c 2010 |
| Edition number | 22 |
| 100 ## - MAIN ENTRY--PERSONAL NAME | |
| Personal name | Editors, Curtis D. Klaassen, John B. Watkins III. |
| 9 (RLIN) | 11178 |
| 245 00 - TITLE STATEMENT | |
| Title | Casarett & Doull's Essentials of Toxicology |
| 250 ## - EDITION STATEMENT | |
| Edition statement | 2nd ed. |
| 260 ## - PUBLICATION, DISTRIBUTION, ETC. (IMPRINT) | |
| Place of publication, distribution, etc. | New York : |
| Name of publisher, distributor, etc. | McGraw-Hill Medical, |
| Date of publication, distribution, etc. | c2010. |
| 300 ## - PHYSICAL DESCRIPTION | |
| Extent | xi, 459 p. : |
| Other physical details | col. ill. ; |
| Dimensions | 28 cm. |
| 504 ## - BIBLIOGRAPHY, ETC. NOTE | |
| Bibliography, etc | Includes bibliographical references and index. |
| 520 ## - SUMMARY, ETC. | |
| Summary, etc. | "We are delighted to present an updated full color, edition of Essentials of Toxicology, which distills the major principles and concepts of toxicology that were described in detail in the seventh edition of Casarett and Doull's Toxicology: The Basic Science of Poisons. We are grateful to the colleagues who contributed to the seventh edition of Casarett and Doull's Toxicology: The Basic Science of Poisons; their contributions to the parent text served as the foundation for the chapters in this edition of Essentials of Toxicology. Essentials of Toxicology concisely presents the broad science of toxicology. Important concepts from anatomy, physiology and biochemistry have been included to facilitate the understanding of the principles and mechanisms of toxicant action on specific organ systems. It is hoped that the book will be useful to students in undergraduate and graduate courses in toxicology, as well as students from other disciplines, who want to have a strong foundation in toxicologic concepts and principles"--Provided by publisher. |
| 650 #0 - SUBJECT ADDED ENTRY--TOPICAL TERM | |
| Topical term or geographic name as entry element | Toxicology |
| 9 (RLIN) | 2500 |
| 650 12 - SUBJECT ADDED ENTRY--TOPICAL TERM | |
| Topical term or geographic name as entry element | Pharmacy |
| 9 (RLIN) | 2501 |
| 906 ## - LOCAL DATA ELEMENT F, LDF (RLIN) | |
| a | 7 |
| b | cbc |
| c | orignew |
| d | 1 |
| e | ecip |
| f | 20 |
| g | y-gencatlg |
| 942 ## - ADDED ENTRY ELEMENTS (KOHA) | |
| Source of classification or shelving scheme | Other/Generic Classification Scheme |
| Koha item type | Short Loan |
| Withdrawn status | Lost status | Source of classification or shelving scheme | Damaged status | Not for loan | Home library | Current library | Date acquired | Source of acquisition | Inventory number | Total Checkouts | Full call number | Barcode | Date last seen | Koha item type | Date last checked out |
|---|---|---|---|---|---|---|---|---|---|---|---|---|---|---|---|
| Other/Generic Classification Scheme | MUST Main Library | MUST Main Library | 19/01/2015 | Purchase | 14/37963 | QV 600 C334c 2010 | 2015-0153 | 19/01/2015 | Short Loan | ||||||
| Other/Generic Classification Scheme | MUST Main Library | MUST Main Library | 29/08/2022 | Purchase | 14/37962 | 1 | QV 600 C334c 2010 | 2022-7962 | 02/09/2024 | Open Shelf | 29/08/2022 |
